[Event "Bagnoles de l'Orne"]
[Site "Bagnoles de l'Orne"]
[Date "2009.06.01"]
[Round "5"]
[White "Edon, Didier"]
[Black "Lebescond, Philippe"]
[Result "0-1"]
[WhiteElo "1210"]
[BlackElo "1588"]
[PlyCount "50"]
[EventDate "2009.05.30"]
[EventType "swiss"]
[EventRounds "6"]
[EventCountry "FRA"]
[SourceTitle "CBM 130 Extra"]
[Source "ChessBase"]
[SourceDate "2009.07.02"]
[SourceVersion "2"]
[SourceVersionDate "2009.07.15"]
[SourceQuality "1"]

1. d4 Nf6 2. c4 g6 3. Nc3 Bg7 4. Bg5 d6 5. e3 h6 6. Bxf6 Bxf6 7. Bd3 Nc6 8. Nf3 Bd7 9. 0-0 Bg7 10. Rc1 0-0 11. b3 e5 12. Bb1 a6 13. d5 Ne7 14. Qd2 f5 15. e4 f4 16. a4 g5 17. Ne2 Ng6 18. g3 Bh3 19. Rfd1 Qd7 20. Kh1 Qg4 21. Rc3 fxg3 22. fxg3 Rxf3 23. Bd3 Raf8 24. Ng1 Rf2 25. Bc2 Bg2# 0-1

[Event "Bagnoles de l'Orne"]
[Site "Bagnoles de l'Orne"]
[Date "2009.05.31"]
[Round "3"]
[White "Cocat, Louis"]
[Black "Lebescond, Philippe"]
[Result "1-0"]
[WhiteElo "1680"]
[BlackElo "1588"]
[PlyCount "113"]
[EventDate "2009.05.30"]
[EventType "swiss"]
[EventRounds "6"]
[EventCountry "FRA"]
[SourceTitle "CBM 130 Extra"]
[Source "ChessBase"]
[SourceDate "2009.07.02"]
[SourceVersion "2"]
[SourceVersionDate "2009.07.15"]
[SourceQuality "1"]

1. d4 Nf6 2. c4 g6 3. Nc3 Bg7 4. e4 d6 5. Nf3 0-0 6. Be2 Nc6 7. 0-0 e5 8. d5 Ne7 9. b4 Ne8 10. c5 f5 11. Ng5 a6 12. Rb1 h6 13. Ne6 Bxe6 14. dxe6 fxe4 15. Nxe4 d5 16. Nc3 c6 17. a4 Nc7 18. Bg4 Nf5 19. b5 Nxe6 20. bxc6 bxc6 21. Rb6 Ned4 22. Ne2 Qc7 23. Re1 Rfb8 24. a5 Rf8 25. Bb2 Ne6 26. Ba3 Ng5 27. Qa4 Ne7 28. Reb1 Ra7 29. Bc1 Ne4 30. Be3 Kh8 31. f3 Nf6 32. Bh3 d4 33. Bf2 Nfd5 34. R6b3 g5 35. Bg3 Ng6 36. Nxd4 Ndf4 37. Nxc6 Nxh3+ 38. gxh3 Raa8 39. Rb7 Qd8 40. Kg2 Qd5 41. Qe4 Qxe4 42. fxe4 Nf4+ 43. Bxf4 Rxf4 44. R1b4 Raf8 45. Rb8 h5 46. Rxf8+ Bxf8 47. Nxe5 Kg7 48. Nd7 Be7 49. Kg3 h4+ 50. Kg2 Kf7 51. Rc4 g4 52. hxg4 Rxg4+ 53. Kf3 Rg1 54. c6 Rf1+ 55. Kg2 Rd1 56. c7 Rd2+ 57. Kh3 1-0